Kertas : (Record no. 35322)

MARC details
000 -LEADER
fixed length control field 00718nam a2200265 i 4500
001 - CONTROL NUMBER
control field C2-0122617
003 - CONTROL NUMBER IDENTIFIER
control field PPAK
005 - DATE AND TIME OF LATEST TRANSACTION
control field 20180727113834.0
008 - FIXED-LENGTH DATA ELEMENTS--GENERAL INFORMATION
fixed length control field 970823s1993 my a|||| ||||| | may d
020 ## - INTERNATIONAL STANDARD BOOK NUMBER
International Standard Book Number 9838783544
040 ## - CATALOGING SOURCE
Original cataloging agency PPAK
Language of cataloging eng
Transcribing agency PPAK
Description conventions rda
082 04 - DEWEY DECIMAL CLASSIFICATION NUMBER
Classification number 372.3
Edition number 23
090 00 - LOCALLY ASSIGNED LC-TYPE CALL NUMBER (OCLC); LOCAL CALL NUMBER (RLIN)
Classification number (OCLC) (R) ; Classification number, CALL (RLIN) (NR) 372.3
Feature heading STR
Feature heading K
100 1# - MAIN ENTRY--PERSONAL NAME
Personal name Stroud, Peter,
Relator term author
245 10 - TITLE STATEMENT
Title Kertas :
Remainder of title teknologi
264 #1 - PRODUCTION, PUBLICATION, DISTRIBUTION, MANUFACTURE, AND COPYRIGHT NOTICE
Place of production, publication, distribution, manufacture Kuala Lumpur :
Name of producer, publisher, distributor, manufacturer Pelangi ,
Date of production, publication, distribution, manufacture, or copyright notice 1993
300 ## - PHYSICAL DESCRIPTION
Extent 23 pages :
Other physical details colour illustrations ;
Dimensions 21 cm
336 ## - CONTENT TYPE
Source rdacontent
Content type term text
337 ## - MEDIA TYPE
Source rdamedia
Media type term unmediated
338 ## - CARRIER TYPE
Source rdacarrier
Carrier type term volume
490 1# - SERIES STATEMENT
Series statement Pokok pengetahuan 1 2 3
650 10 - SUBJECT ADDED ENTRY--TOPICAL TERM
Topical term or geographic name entry element Technology
830 #0 - SERIES ADDED ENTRY--UNIFORM TITLE
Uniform title Pokok pengetahuan 1 2 3
942 ## - ADDED ENTRY ELEMENTS (KOHA)
-- dc
Koha item type Book
Holdings
Withdrawn Not for loan Current library Shelving location Date acquired Full call number Barcode Date last seen Koha item type Total Checkouts Date last checked out
    Perpustakaan Awam Sungai Petani Pinjaman Kanak-kanak 22/11/2003 K 372.3 STR A00402128 08/05/2018 Book    
    Perpustakaan Awam Sungai Petani Pinjaman Kanak-kanak 22/11/2003 K 372.3 STR A00402133 12/11/2020 Book 1 21/10/2020
    Perpustakaan Jitra Pinjaman Kanak-kanak 13/04/2000 K 372.3 STR A00263557 11/03/2023 Book 1 21/02/2023
    Perpustakaan Yan Pinjaman Kanak-kanak 13/04/2000 K 372.3 STR A00263560 08/05/2018 Book